[Event "FB21 2122 SV Medizin Erfurt - SC Leipzi"]
[Site "?"]
[Date "2022.03.19"]
[Round "4.5"]
[White "Lowke, Kathrin"]
[Black "Troyke, Doreen"]
[Result "1/2-1/2"]
[WhiteElo "1863"]
[BlackElo "2001"]
[PlyCount "56"]
[EventDate "2022.??.??"]

1. e4 c5 2. Nf3 Nc6 3. d4 cxd4 4. Nxd4 e5 5. Nb5 d6 6. N1c3 a6 7. Na3 b5 8. Nd5
Nce7 9. c4 Nxd5 10. cxd5 Nf6 11. Bd3 Be7 12. O-O O-O 13. Nc2 Nd7 14. Nb4 Bb7
15. Qg4 Nc5 16. Bc2 Rc8 17. Bh6 Bf6 18. Rac1 Rc7 19. Be3 Be7 20. Bh6 Bf6 21.
Be3 Qc8 22. Qe2 Qd7 23. f3 Rfc8 24. Nd3 Nxd3 25. Bxd3 h6 26. Qd2 Qe7 27. Rxc7
Rxc7 28. Rc1 Qd8 1/2-1/2

[Event "FB21 2122 SV Medizin Erfurt - SC Leipzi"]
[Site "?"]
[Date "2022.03.19"]
[Round "4.6"]
[White "Umpfenbach, Carolin"]
[Black "Neumeyer, Hannelore"]
[Result "1-0"]
[WhiteElo "2063"]
[BlackElo "1882"]
[PlyCount "47"]
[EventDate "2022.??.??"]

1. d4 d5 2. c4 e5 3. Nc3 exd4 4. Qxd4 Nf6 5. cxd5 Nbd7 6. Bg5 Bc5 7. Qh4 Ne5 8.
Bxf6 gxf6 9. e3 Bf5 10. Rd1 Qe7 11. Bb5+ Bd7 12. Bxd7+ Nxd7 13. Nf3 O-O-O 14.
O-O Rdg8 15. Ne4 h5 16. h3 Rh6 17. d6 Bxd6 18. Nxd6+ cxd6 19. Qf4 Rhg6 20. Nh4
Rg5 21. Rxd6 Ne5 22. Rc1+ Nc6 23. Rxf6 Qd7 24. Rxf7 1-0

[Event "FB21 2122 Bavaria Regensburg-TuS Coswig"]
[Site "?"]
[Date "2022.03.19"]
[Round "4.1"]
[White "Timme, Karin"]
[Black "Arnhold, Steffi"]
[Result "0-1"]
[WhiteElo "2082"]
[BlackElo "2100"]
[PlyCount "82"]
[EventDate "2022.??.??"]
[WhiteTeam "Bavaria Rgbg"]
[BlackTeam "Coswig 5:1"]

1. d4 Nf6 2. c4 c5 3. e3 g6 4. Nc3 Bg7 5. Nf3 O-O 6. Be2 b6 7. O-O d6 8. Qc2
Bb7 9. Rd1 a6 10. e4 cxd4 11. Nxd4 Nbd7 12. Be3 Rc8 13. f3 Re8 14. Qd2 Ne5 15.
b3 e6 16. Bf1 d5 17. cxd5 exd5 18. exd5 Nxd5 19. Nxd5 Qxd5 20. Rac1 Rcd8 21.
Qf2 Qd7 22. Kh1 Qe7 23. Bf4 Qf6 24. Qg3 Nd3 25. Bg5 Nf2+ 26. Kg1 Qxd4 27. Rxd4
Bxd4 28. Qc7 Nd3+ 29. Kh1 Nf2+ 30. Kg1 Nd3+ 31. Kh1 Nxc1 32. Bxc1 Rc8 33. Qxb7
Rxc1 34. Qxa6 Ree1 35. g3 Rxf1+ 36. Kg2 Rf2+ 37. Kh3 Rcc2 38. a4 Rxh2+ 39. Kg4
h5+ 40. Kg5 Kg7 41. Kf4 Rhe2 0-1

[Event "FB21 2122 Bavaria Regensburg-TuS Coswig"]
[Site "?"]
[Date "2022.03.19"]
[Round "4.2"]
[White "Palkova, Katerina"]
[Black "Richter, Ulrike"]
[Result "1/2-1/2"]
[WhiteElo "1996"]
[BlackElo "1936"]
[PlyCount "71"]
[EventDate "2022.??.??"]

1. e4 c5 2. Nf3 Nc6 3. Bb5 d6 4. O-O Bd7 5. c3 Nf6 6. Re1 a6 7. Ba4 b5 8. Bc2
Qc7 9. d3 e5 10. h3 h6 11. Be3 Be7 12. Nbd2 O-O 13. Rc1 d5 14. d4 exd4 15. cxd4
dxe4 16. Nxe4 Rad8 17. d5 Bc8 18. d6 Bxd6 19. Nxf6+ gxf6 20. Qe2 Rfe8 21. Nh4
Bf4 22. Qh5 Qe5 23. Bh7+ Kg7 24. Nf5+ Bxf5 25. Bxf5 Bxe3 26. Rxe3 Qf4 27. g3
Qd4 28. Rxe8 Rxe8 29. Rd1 Qb4 30. Kg2 Rd8 31. Rxd8 Nxd8 32. Qe2 Qd4 33. Bb1 Ne6
34. h4 Qe5 35. Qc2 Nf8 36. b3 1/2-1/2

[Event "FB21 2122 Bavaria Regensburg-TuS Coswig"]
[Site "?"]
[Date "2022.03.19"]
[Round "4.3"]
[White "Moldenhauer, Antje"]
[Black "Bardorz, Jana"]
[Result "0-1"]
[WhiteElo "1799"]
[BlackElo "1899"]
[PlyCount "80"]
[EventDate "2022.??.??"]

1. e4 e5 2. Nf3 Nc6 3. Bb5 a6 4. Ba4 Nf6 5. O-O Be7 6. Re1 b5 7. Bb3 d6 8. c3
O-O 9. a4 b4 10. a5 h6 11. h3 Re8 12. d4 bxc3 13. bxc3 Bf8 14. d5 Nb8 15. Nbd2
c6 16. c4 g6 17. Nf1 cxd5 18. cxd5 Nbd7 19. Ng3 Nc5 20. Bc4 Bd7 21. Qe2 Rb8 22.
Be3 Bb5 23. Nd2 Nfd7 24. Reb1 Bxc4 25. Nxc4 Qc7 26. Bxc5 Qxc5 27. Rxb8 Rxb8 28.
Nb6 Nxb6 29. axb6 a5 30. Qa6 Rxb6 31. Qxa5 Rb1+ 32. Nf1 Qc1 33. Rxb1 Qxb1 34.
f3 Be7 35. Kf2 Bg5 36. Qa8+ Kg7 37. Qa6 Qb2+ 38. Qe2 Qd4+ 39. Ne3 f5 40. exf5
gxf5 0-1

[Event "FB21 2122 Bavaria Regensburg-TuS Coswig"]
[Site "?"]
[Date "2022.03.19"]
[Round "4.4"]
[White "Oberhofer, Marie"]
[Black "Gebhardt, Christine"]
[Result "1-0"]
[WhiteElo "1729"]
[BlackElo "1705"]
[PlyCount "67"]
[EventDate "2022.??.??"]

1. e4 e6 2. d4 d5 3. e5 c5 4. c3 Nc6 5. Nf3 Bd7 6. Be2 Nge7 7. O-O Nf5 8. Be3
Qb6 9. b3 Be7 10. a3 cxd4 11. cxd4 f6 12. Bd3 Nxe3 13. fxe3 O-O-O 14. exf6 gxf6
15. Nc3 Kb8 16. b4 Rdg8 17. Na4 Qd8 18. Nc5 e5 19. b5 Nxd4 20. Nxd7+ Qxd7 21.
Nxd4 exd4 22. Bf5 Qd6 23. Qxd4 Rg5 24. Qf4 Qxf4 25. Rxf4 Bd6 26. Rf3 Rhg8 27.
g3 Bc5 28. Rd1 Bxe3+ 29. Rxe3 Rxf5 30. Re7 h5 31. Rd7 h4 32. Kg2 Rgg5 33. Rc1
d4 34. Rd8# 1-0

[Event "FB21 2122 Bavaria Regensburg-TuS Coswig"]
[Site "?"]
[Date "2022.03.19"]
[Round "4.5"]
[White "Frübing, Simone"]
[Black "Wetzler, Sophia"]
[Result "0-1"]
[WhiteElo "1742"]
[BlackElo "1670"]
[PlyCount "82"]
[EventDate "2022.??.??"]

1. Nf3 Nf6 2. g3 e6 3. Bg2 Be7 4. O-O d5 5. d3 O-O 6. Nbd2 Nbd7 7. c4 c6 8. Qc2
Qc7 9. cxd5 exd5 10. Nb3 Re8 11. a4 a5 12. Bf4 Bd6 13. Bxd6 Qxd6 14. e3 Nb6 15.
Nfd4 Be6 16. Nc5 Qe7 17. Rfc1 Reb8 18. Ncxe6 fxe6 19. Bh3 e5 20. Nf5 Qf8 21.
Qb3 Nbd7 22. Qc3 g6 23. Nh4 Rd8 24. Be6+ Kg7 25. f4 Qb4 26. fxe5 Qxc3 27. Rxc3
Nxe5 28. Rb3 Rab8 29. d4 Nc4 30. Rc1 Re8 31. Bh3 Rxe3 32. Rxe3 Nxe3 33. Rc5 Ra8
34. Nf3 Ne4 35. Rc1 Rf8 36. Ne5 Nf5 37. Bg2 Nxd4 38. Bxe4 Ne2+ 39. Kg2 Nxc1 40.
Bc2 Re8 41. Nd3 Re2+ 0-1

[Event "FB21 2122 Bavaria Regensburg-TuS Coswig"]
[Site "?"]
[Date "2022.03.19"]
[Round "4.6"]
[White "Prinzen, Siri Marleen"]
[Black "Pührer, Anne"]
[Result "1/2-1/2"]
[WhiteElo "1719"]
[BlackElo "1698"]
[PlyCount "56"]
[EventDate "2022.??.??"]

1. d4 Nf6 2. Bf4 g6 3. c4 Bg7 4. Nc3 d5 5. e3 O-O 6. Nf3 b6 7. Bd3 Bb7 8. O-O
Nbd7 9. Rc1 c5 10. Qe2 Nh5 11. Bg5 h6 12. Bh4 cxd4 13. Nxd5 Bxd5 14. cxd5 dxe3
15. fxe3 Ndf6 16. Bxf6 Bxf6 17. Bb5 Qd6 18. a3 Rac8 19. Bc6 Bg7 20. Rfd1 f5 21.
Qb5 Nf6 22. Bb7 Rc5 23. Rxc5 Qxc5 24. Qb3 Kh7 25. Nd4 Rb8 26. Bc6 Bh8 27. Ne6
Qd6 28. h3 Ne4 1/2-1/2

[Event "FB21 2122 SC Zeulenroda-Rotation Pankow"]
[Site "?"]
[Date "2022.03.19"]
[Round "4.1"]
[White "Burchardt, Brigitte"]
[Black "Wagner, Victoria"]
[Result "1-0"]
[WhiteElo "2085"]
[BlackElo "1836"]
[PlyCount "91"]
[EventDate "2022.??.??"]

1. e4 c5 2. Nc3 a6 3. g3 b5 4. Bg2 Bb7 5. a3 Nf6 6. d3 d6 7. Nge2 e5 8. O-O Be7
9. f4 Nbd7 10. Kh1 Nb6 11. Ng1 h5 12. h3 Bc8 13. Nce2 Bd7 14. Nf3 Qc8 15. Neg1
Ng4 16. hxg4 Bxg4 17. f5 h4 18. Bh3 hxg3 19. Kg2 Bxh3+ 20. Nxh3 Kd7 21. Nfg1
Rh4 22. Rf3 Kc7 23. Rxg3 Qh8 24. Be3 Nd7 25. a4 b4 26. Nf3 Rh5 27. c3 Rb8 28.
Qc2 b3 29. Qd1 Rh7 30. Ra3 g6 31. fxg6 fxg6 32. Bg5 Qg8 33. Bxe7 Rxe7 34. Nhg5
Nf6 35. Kf2 Nh5 36. Rg4 Nf4 37. Rh4 c4 38. Ne1 Rf8 39. Ke3 cxd3 40. Qxb3 Qxb3
41. Rxb3 Kc6 42. Rh2 d5 43. Nxd3 dxe4 44. Nb4+ Kc5 45. Nxe4+ Kc4 46. Nd2+ 1-0

[Event "FB21 2122 SC Zeulenroda-Rotation Pankow"]
[Site "?"]
[Date "2022.03.19"]
[Round "4.2"]
[White "Wagner, Margarethe"]
[Black "Wagner-Michel, Annett"]
[Result "0-1"]
[WhiteElo "1881"]
[BlackElo "2098"]
[PlyCount "96"]
[EventDate "2022.??.??"]

1. e4 c5 2. Nf3 Nc6 3. d4 cxd4 4. Nxd4 Nf6 5. Nc3 d6 6. Bg5 a6 7. Nxc6 bxc6 8.
Qd2 Qb6 9. b3 Qa5 10. Be2 h6 11. Be3 e5 12. O-O Qc7 13. f4 Bg4 14. h3 Bxe2 15.
Qxe2 Be7 16. Rad1 O-O 17. Qf3 Rab8 18. fxe5 dxe5 19. Na4 Nh7 20. c4 Ng5 21. Qg4
Qc8 22. Qxc8 Rbxc8 23. Bxg5 Bxg5 24. Rd3 Rfd8 25. Rfd1 Be3+ 26. Kf1 Rxd3 27.
Rxd3 Bd4 28. Ke2 Kf8 29. c5 Rb8 30. Nb6 Ke7 31. b4 h5 32. Ra3 g6 33. Rxa6 f5
34. Ra7+ Ke6 35. exf5+ gxf5 36. Rg7 f4 37. Rg6+ Kf5 38. Rxc6 Rg8 39. Kf1 Ke4
40. Nc4 Kd3 41. Nxe5+ Bxe5 42. Rh6 f3 43. g4 hxg4 44. hxg4 Rxg4 45. Kf2 Ke4 46.
Re6 Rg2+ 47. Kf1 Kd5 48. Rh6 Bd4 0-1

[Event "FB21 2122 SC Zeulenroda-Rotation Pankow"]
[Site "?"]
[Date "2022.03.19"]
[Round "4.4"]
[White "Jacke, Corinna"]
[Black "Wolf, Sylvia"]
[Result "1/2-1/2"]
[WhiteElo "1945"]
[BlackElo "2036"]
[PlyCount "64"]
[EventDate "2022.??.??"]

1. e4 c5 2. Nf3 d6 3. d4 cxd4 4. Nxd4 Nf6 5. Nc3 a6 6. a4 e6 7. Be2 Qc7 8. Nb3
Nbd7 9. Be3 b6 10. f4 Bb7 11. Bf3 Rc8 12. O-O Be7 13. Qd2 O-O 14. Rad1 Rfd8 15.
Qf2 Nc5 16. Nxc5 dxc5 17. g4 Rxd1 18. Rxd1 Rd8 19. Rxd8+ Qxd8 20. g5 Nd7 21. e5
Qc7 22. Bxb7 Qxb7 23. Qg2 Qxg2+ 24. Kxg2 Kf8 25. Kf3 Nb8 26. Ne4 Nc6 27. c3 Ke8
28. Ke2 Kd7 29. Kd3 Kc7 30. Nd2 b5 31. axb5 axb5 32. b3 Na5 1/2-1/2

[Event "FB21 2122 SC Zeulenroda-Rotation Pankow"]
[Site "?"]
[Date "2022.03.19"]
[Round "4.5"]
[White "Mai, Iris"]
[Black "Dietrich, Mareike"]
[Result "1/2-1/2"]
[WhiteElo "2011"]
[BlackElo "1784"]
[PlyCount "34"]
[EventDate "2022.??.??"]

1. d4 Nf6 2. Nf3 e6 3. c4 Bb4+ 4. Bd2 c5 5. a3 Bxd2+ 6. Qxd2 b6 7. Nc3 Bb7 8.
e3 O-O 9. Be2 cxd4 10. Qxd4 d5 11. O-O Nc6 12. Qh4 Ne4 13. cxd5 Nxc3 14. bxc3
Qxd5 15. Rfd1 Qc5 16. Bd3 h6 17. Qe4 g6 1/2-1/2

[Event "FB21 2122 SC Zeulenroda-Rotation Pankow"]
[Site "?"]
[Date "2022.03.19"]
[Round "4.6"]
[White "Riemer-Nlula, Marion"]
[Black "Heyme, Sybille"]
[Result "1/2-1/2"]
[WhiteElo "1807"]
[BlackElo "2018"]
[PlyCount "23"]
[EventDate "2022.??.??"]

1. e4 d6 2. d4 Nf6 3. Bd3 g6 4. f4 c5 5. d5 Bd7 6. c4 Bg7 7. Nc3 O-O 8. Nf3 Na6
9. a3 Nc7 10. O-O a6 11. e5 Nfe8 12. Qe2 1/2-1/2

[Event "FB21 2122 SC Leipzig-Lindenau - SV Mers"]
[Site "?"]
[Date "2022.03.20"]
[Round "5.1"]
[White "Pflug, Tanja"]
[Black "Spangenberg, Pia"]
[Result "0-1"]
[WhiteElo "2016"]
[BlackElo "1802"]
[PlyCount "58"]
[EventDate "2022.??.??"]

1. d4 d5 2. Bf4 Nf6 3. e3 e6 4. Nf3 Bd6 5. Ne5 Nbd7 6. Nd2 O-O 7. Bd3 c5 8. c3
c4 9. Bc2 Qc7 10. Ndf3 b5 11. g4 Ne4 12. Nxd7 Bxd7 13. Ne5 b4 14. f3 bxc3 15.
fxe4 cxb2 16. Rb1 Qa5+ 17. Kf2 Bxe5 18. Bxe5 Qxa2 19. exd5 exd5 20. Qf3 c3 21.
h4 Qc4 22. g5 Ba4 23. Qf5 Bxc2 24. Qxc2 a5 25. h5 Ra6 26. Rhd1 a4 27. Rd3 Rc8
28. e4 a3 29. exd5 a2 0-1

[Event "FB21 2122 SC Leipzig-Lindenau - SV Mers"]
[Site "?"]
[Date "2022.03.20"]
[Round "5.2"]
[White "Weimert, Miriam"]
[Black "Moritz, Cornelia"]
[Result "1-0"]
[WhiteElo "1907"]
[BlackElo "1812"]
[PlyCount "71"]
[EventDate "2022.??.??"]

1. e4 c5 2. Nf3 Nc6 3. d4 cxd4 4. Nxd4 d6 5. c4 Nf6 6. Nc3 e6 7. Nc2 Be7 8. Be2
O-O 9. O-O h6 10. Be3 b6 11. Qd2 Bb7 12. f3 Ba6 13. Rfd1 Ne5 14. b3 Nc6 15.
Rac1 Qb8 16. f4 Rd8 17. Bf3 Bb7 18. Qf2 Kh7 19. Rd2 Rd7 20. Rcd1 Qe8 21. g4
Rad8 22. Qg2 Nb8 23. g5 Ng8 24. f5 exf5 25. Nd5 Bxg5 26. Bxg5 hxg5 27. Qxg5 f6
28. Qh4+ Nh6 29. Rg2 Bxd5 30. cxd5 g5 31. Qh5 Qxh5 32. Bxh5 fxe4 33. Rf1 Rf8
34. Nd4 Rc8 35. Rxf6 Rc1+ 36. Kf2 1-0

[Event "FB21 2122 SC Leipzig-Lindenau - SV Mers"]
[Site "?"]
[Date "2022.03.20"]
[Round "5.3"]
[White "Domaske, Susann"]
[Black "Spangenberg, Romy"]
[Result "0-1"]
[WhiteElo "1807"]
[BlackElo "1866"]
[PlyCount "59"]
[EventDate "2022.??.??"]

1. d4 d5 2. c4 e6 3. Nf3 Nf6 4. Bg5 h6 5. Bd2 c6 6. e3 dxc4 7. Bxc4 b5 8. Be2
Bb7 9. b4 Ne4 10. a3 a5 11. bxa5 Nxd2 12. Nfxd2 Qxa5 13. O-O Be7 14. Nb3 Qb6
15. Qc2 Nd7 16. Rc1 O-O 17. Nc5 Nxc5 18. dxc5 Qa5 19. Qd2 b4 20. Qd7 b3 21. Rf1
Bf6 22. Qxb7 Rab8 23. Qxc6 Bxa1 24. a4 Rfc8 25. Qe4 Qxc5 26. Bb5 Bf6 27. h3 b2
28. Qf4 Rxb5 29. axb5 Qxb5 30. Kh1 0-1

[Event "FB21 2122 SG Leipzig - SV Medizin Erfur"]
[Site "?"]
[Date "2022.03.20"]
[Round "5.1"]
[White "Ratay, Meike"]
[Black "Halas, Julia"]
[Result "1/2-1/2"]
[WhiteElo "1974"]
[BlackElo "2010"]
[PlyCount "86"]
[EventDate "2022.??.??"]

1. e4 e6 2. d4 d5 3. Nd2 Nf6 4. e5 Nfd7 5. Bd3 c5 6. c3 Nc6 7. Ne2 cxd4 8. cxd4
f6 9. exf6 Nxf6 10. O-O Bd6 11. Nf3 Qc7 12. h3 O-O 13. Bg5 Nh5 14. Qc2 g6 15.
Rac1 Nf4 16. Nxf4 Bxf4 17. Bxf4 Qxf4 18. Rfd1 Bd7 19. Bb5 Rac8 20. Qd2 Qxd2 21.
Nxd2 Nxd4 22. Bd3 Rxc1 23. Rxc1 Bc6 24. Nf1 Kf7 25. Ne3 Ke7 26. Nc2 Nxc2 27.
Rxc2 Kd6 28. f3 e5 29. Be2 Bd7 30. Kf2 Rc8 31. Rd2 Bf5 32. g4 Rc2 33. Rxc2 Bxc2
34. Ke3 Bb1 35. a3 d4+ 36. Kd2 Ba2 37. Bd3 Bd5 38. Ke2 Bb3 39. h4 a6 40. Kf2 b5
41. g5 Be6 42. b4 Kd5 43. h5 Bf7 1/2-1/2

[Event "FB21 2122 SG Leipzig - SV Medizin Erfur"]
[Site "?"]
[Date "2022.03.20"]
[Round "5.2"]
[White "Beltz, Franziska"]
[Black "Nguyen, Ha Thanh"]
[Result "1-0"]
[WhiteElo "2071"]
[BlackElo "1960"]
[PlyCount "80"]
[EventDate "2022.??.??"]

1. e4 c5 2. Nf3 Nc6 3. d4 cxd4 4. Nxd4 Nf6 5. Nc3 e5 6. Ndb5 d6 7. Bg5 a6 8.
Na3 b5 9. Nd5 Be7 10. Bxf6 Bxf6 11. c4 b4 12. Nc2 a5 13. g3 Bg5 14. Bg2 O-O 15.
O-O Rb8 16. b3 Bh6 17. Qe2 f5 18. exf5 Bxf5 19. Be4 g6 20. Rad1 Bh3 21. Rfe1
Qc8 22. Nde3 Rf6 23. Rd3 Bxe3 24. Qxe3 Qc7 25. Red1 Rbf8 26. R1d2 Ne7 27. Ne1
Nf5 28. Bxf5 Bxf5 29. Rd5 Bd7 30. c5 Bc6 31. Rxd6 Qe7 32. Rxf6 Rxf6 33. Nd3 Re6
34. Nb2 Qf6 35. Nc4 Qf5 36. Qd3 Qh3 37. f3 e4 38. fxe4 Bxe4 39. Qd8+ Kg7 40.
Rd7+ Kh6 1-0

[Event "FB21 2122 SG Leipzig - SV Medizin Erfur"]
[Site "?"]
[Date "2022.03.20"]
[Round "5.3"]
[White "Reuter, Elisa"]
[Black "Gempe, Anet"]
[Result "1/2-1/2"]
[WhiteElo "1853"]
[BlackElo "1980"]
[PlyCount "68"]
[EventDate "2022.??.??"]

1. e4 e6 2. d4 d5 3. Nc3 Nf6 4. Bg5 Be7 5. e5 Nfd7 6. h4 c5 7. Nb5 f6 8. exf6
Nxf6 9. Bf4 O-O 10. Be5 Nc6 11. Nf3 a6 12. Nc3 cxd4 13. Bxd4 Nxd4 14. Qxd4 Qa5
15. Qa4 Qc7 16. O-O-O Bd7 17. Qb3 b5 18. Bd3 b4 19. Nb1 a5 20. a4 bxa3 21. Nxa3
Rfb8 22. Qa2 Rb7 23. c3 Rab8 24. Rd2 Ba4 25. Nb1 Bb3 26. Qa1 e5 27. Bc2 Bc4 28.
Bf5 Ne4 29. Bxe4 dxe4 30. Ng5 Bd3 31. Qa2+ Bc4 32. Qa1 Bd3 33. Qa2+ Bc4 34. Qa1
Bd3 1/2-1/2

[Event "FB21 2122 SG Leipzig - SV Medizin Erfur"]
[Site "?"]
[Date "2022.03.20"]
[Round "5.4"]
[White "Just, Gabriele"]
[Black "Mueller-Ludwig, Kristin"]
[Result "0-1"]
[WhiteElo "1832"]
[BlackElo "2013"]
[PlyCount "100"]
[EventDate "2022.??.??"]

1. d4 Nf6 2. Nf3 g6 3. Bg5 Bg7 4. Nbd2 d6 5. e3 h6 6. Bxf6 Bxf6 7. Be2 O-O 8.
c3 Bg7 9. Qb3 c6 10. O-O Nd7 11. Rfd1 Qb6 12. h3 Qxb3 13. axb3 a6 14. c4 Rb8
15. b4 c5 16. b5 axb5 17. cxb5 cxd4 18. Nxd4 Nb6 19. Ra7 Bxd4 20. exd4 Bd7 21.
Bf3 d5 22. Be2 Rfc8 23. b3 Rc3 24. Kf1 Nc8 25. Raa1 Nd6 26. Ra5 e6 27. Rda1 b6
28. Ra8 Rxa8 29. Rxa8+ Kg7 30. Nf3 Rc1+ 31. Ne1 Nxb5 32. Ra4 Nc3 33. Rb4 b5 34.
f3 Na2 35. Rxb5 Bxb5 36. Bxb5 Nc3 37. Bd3 Na2 38. Kf2 Nb4 39. Ke2 Rxe1+ 40.
Kxe1 Nxd3+ 41. Kd2 Nb4 42. Kc3 Nc6 43. b4 Kf6 44. b5 Nb8 45. f4 Kf5 46. Kb4 Nd7
47. Ka5 Ke4 48. b6 Kxd4 49. b7 Kc5 50. Ka6 d4 0-1

[Event "FB21 2122 SG Leipzig - SV Medizin Erfur"]
[Site "?"]
[Date "2022.03.20"]
[Round "5.5"]
[White "Troyke, Doreen"]
[Black "Oswald, Lena"]
[Result "1/2-1/2"]
[WhiteElo "2001"]
[BlackElo "1768"]
[PlyCount "79"]
[EventDate "2022.??.??"]

1. c4 e6 2. g3 Nf6 3. Bg2 d5 4. Nf3 Be7 5. O-O O-O 6. d4 dxc4 7. Ne5 c5 8. dxc5
Bxc5 9. Nxc4 Qc7 10. Qc2 Nc6 11. Nc3 Nd4 12. Qd3 Rd8 13. Bg5 Be7 14. Bf4 Qc5
15. Be3 e5 16. Rac1 g6 17. Rfe1 Bf5 18. Ne4 Qb5 19. Bxd4 Rxd4 20. Nxf6+ Bxf6
21. Qc3 Rc8 22. b3 Qd7 23. Qa5 b6 24. Qa6 Bg7 25. Ne3 Rxc1 26. Rxc1 Be6 27. Bb7
Bh6 28. Qxa7 Bxe3 29. Qb8+ Qd8 30. Qxd8+ Rxd8 31. fxe3 Rd2 32. Rc6 Rxe2 33.
Rxb6 Rxa2 34. e4 Rd2 35. Rb5 Rd3 36. b4 Rd1+ 37. Kf2 Rd2+ 38. Kg1 Rd1+ 39. Kf2
Rd2+ 40. Kg1 1/2-1/2

[Event "FB21 2122 SG Leipzig - SV Medizin Erfur"]
[Site "?"]
[Date "2022.03.20"]
[Round "5.6"]
[White "Oswald, Hannah"]
[Black "Umpfenbach, Carolin"]
[Result "1-0"]
[WhiteElo "1675"]
[BlackElo "2063"]
[PlyCount "79"]
[EventDate "2022.??.??"]

1. e4 e6 2. d4 d5 3. Nd2 dxe4 4. Nxe4 Bd7 5. Nf3 h6 6. c3 Bc6 7. Ng3 Nd7 8. Bd3
Ngf6 9. O-O Bd6 10. Re1 Bxf3 11. Qxf3 O-O 12. Qxb7 Ng4 13. Qf3 Qh4 14. h3 Nxf2
15. Kxf2 f5 16. Kg1 Bxg3 17. Rxe6 f4 18. Qd5 Kh8 19. Qxd7 Bf2+ 20. Kf1 f3 21.
gxf3 Qxh3+ 22. Kxf2 Qxf3+ 23. Ke1 Qxd3 24. Re2 Rf6 25. Qd5 Raf8 26. Qg2 Rf3 27.
Qh1 R8f6 28. Qg2 Rg6 29. Qh1 Rh3 30. Qa8+ Kh7 31. Qe4 Qg3+ 32. Kd2 Rh4 33. Qe3
Qg4 34. Kc2 Rh1 35. Qe4 Qg1 36. Rd2 Qf1 37. b3 Rh5 38. Bb2 Qa6 39. Rg2 Ra5 40.
Rag1 1-0

[Event "FB21 2122 SC Pankow-Bavaria Regensburg"]
[Site "?"]
[Date "2022.03.20"]
[Round "5.1"]
[White "Arnhold, Steffi"]
[Black "Burchardt, Brigitte"]
[Result "1-0"]
[WhiteElo "2100"]
[BlackElo "2085"]
[PlyCount "81"]
[EventDate "2022.??.??"]

1. e4 c5 2. Nf3 d6 3. d4 cxd4 4. Nxd4 Nf6 5. Nc3 a6 6. Bg5 Nbd7 7. Qe2 h6 8.
Bd2 Qb6 9. Nb3 e6 10. g3 Be7 11. Bg2 Qc7 12. O-O Nb6 13. Rae1 Bd7 14. f4 O-O
15. Kh1 Rfe8 16. g4 d5 17. e5 Nh7 18. g5 g6 19. gxh6 Kh8 20. Nd4 Bc6 21. Qf2
Bc5 22. Nxe6 fxe6 23. Qxc5 Nc8 24. Ne2 Ne7 25. Nd4 Nf5 26. Nxf5 gxf5 27. Rg1
Rg8 28. Bf3 Qf7 29. Qf2 Rg6 30. Rxg6 Qxg6 31. Qh4 Rg8 32. Be3 d4 33. Bxc6 bxc6
34. Rg1 Qe8 35. Rxg8+ Qxg8 36. Bxd4 Qe8 37. Bc5 Qd7 38. Bd6 c5 39. Qf2 c4 40.
Qg2 Nf8 41. Qa8 1-0

[Event "FB21 2122 SC Pankow-Bavaria Regensburg"]
[Site "?"]
[Date "2022.03.20"]
[Round "5.2"]
[White "Wagner-Michel, Anett"]
[Black "Pavlov, Liliane"]
[Result "1-0"]
[WhiteElo "2098"]
[BlackElo "1737"]
[PlyCount "75"]
[EventDate "2022.??.??"]

1. e4 c5 2. Nf3 d6 3. Bb5+ Bd7 4. Bxd7+ Qxd7 5. O-O Nf6 6. Re1 Nc6 7. d4 cxd4
8. Nxd4 g6 9. Nc3 Bg7 10. h3 O-O 11. Be3 Rfd8 12. Qd2 Ne5 13. b3 Rac8 14. Rad1
a6 15. Bg5 Qc7 16. Bxf6 Bxf6 17. Nd5 Qc5 18. Nxf6+ exf6 19. c4 Kg7 20. Qe2 Re8
21. Kh1 Nc6 22. Nf3 Rcd8 23. Rd5 Qb6 24. Qb2 Nb4 25. Rd2 h6 26. Re3 Nc6 27. Qc3
Ne5 28. Nh4 Qc6 29. Rd5 Rc8 30. Qd4 Re6 31. Rg3 Kh7 32. f4 Nd7 33. f5 Re5 34.
fxg6+ fxg6 35. Nxg6 Rxd5 36. exd5 Qc7 37. Ne7 Re8 38. Qe4+ 1-0

[Event "FB21 2122 SC Pankow-Bavaria Regensburg"]
[Site "?"]
[Date "2022.03.20"]
[Round "5.3"]
[White "Oberhofer, Marie"]
[Black "Jahn, Constanze"]
[Result "1/2-1/2"]
[WhiteElo "1729"]
[BlackElo "2040"]
[PlyCount "96"]
[EventDate "2022.??.??"]

1. e4 c5 2. Nf3 a6 3. d4 cxd4 4. Nxd4 e6 5. Bd3 Nc6 6. Nb3 Nf6 7. O-O Qc7 8. a3
d5 9. exd5 Nxd5 10. Be4 Nf6 11. Nc3 Be7 12. Re1 O-O 13. Bxc6 bxc6 14. Bg5 Bb7
15. Ne4 Nxe4 16. Bxe7 Qxe7 17. Rxe4 c5 18. Re3 Rad8 19. Qe2 Rd5 20. Re5 c4 21.
Rxd5 Bxd5 22. Nd4 Qb7 23. c3 Bxg2 24. f3 Bh3 25. Rb1 Qd5 26. Qf2 e5 27. Nc2 Qd3
28. Re1 f6 29. Nb4 Qd6 30. Qe2 Qc5+ 31. Kh1 a5 32. Nc2 Bf5 33. Ne3 Bd3 34. Qg2
f5 35. Rg1 g6 36. Re1 Qe7 37. Qh3 Qg5 38. Qg3 Qxg3 39. hxg3 Rb8 40. Nd1 e4 41.
Kg2 Kf7 42. Kf2 Kf6 43. Ke3 Bc2 44. fxe4 Re8 45. Nf2 fxe4 46. Kd4 Kf5 47. Kxc4
e3 48. Kd4 e2 1/2-1/2

[Event "FB21 2122 SC Pankow-Bavaria Regensburg"]
[Site "?"]
[Date "2022.03.20"]
[Round "5.4"]
[White "Wolf, Sylvia"]
[Black "Schilay, Eva"]
[Result "1-0"]
[WhiteElo "2036"]
[BlackElo "1693"]
[PlyCount "41"]
[EventDate "2022.??.??"]

1. e4 e5 2. d4 Nc6 3. dxe5 Nxe5 4. f4 Nc6 5. Bc4 g6 6. Nf3 d6 7. Nc3 Bg7 8. Be3
Qe7 9. Qd2 f5 10. Ng5 Nh6 11. Nd5 Qd8 12. O-O-O fxe4 13. h3 Ne7 14. Nc3 Bd7 15.
g4 Nc6 16. Nd5 Ne7 17. Bd4 Bxd4 18. Qxd4 Rf8 19. Nf6+ Rxf6 20. Qxf6 Neg8 21.
Bf7+ 1-0

[Event "FB21 2122 SC Pankow-Bavaria Regensburg"]
[Site "?"]
[Date "2022.03.20"]
[Round "5.5"]
[White "Dechant, Johanna"]
[Black "Mai, Iris"]
[Result "0-1"]
[WhiteElo "1489"]
[BlackElo "2011"]
[PlyCount "104"]
[EventDate "2022.??.??"]

1. e4 c5 2. Nf3 e6 3. d4 cxd4 4. Nxd4 a6 5. Nc3 Qc7 6. Bd3 b5 7. a3 Bb7 8. Be3
Nf6 9. f3 Nc6 10. Qd2 Rc8 11. O-O-O Ne5 12. Kb1 Nc4 13. Bxc4 Qxc4 14. Nde2 d6
15. Bf4 e5 16. Bg5 Nd7 17. Qd3 Qe6 18. Nd5 Nc5 19. Qd2 h6 20. Be3 Be7 21. Nxe7
Kxe7 22. Nc3 Rhd8 23. Nd5+ Kf8 24. Qa5 Qe8 25. Nc7 Qc6 26. Nd5 Nxe4 27. Nb4
Nc3+ 28. bxc3 Qxc3 29. Rd3 Qc4 30. Rhd1 d5 31. Qb6 a5 32. Qxa5 d4 33. Bxd4 exd4
34. R1d2 Ra8 35. Qb6 Re8 36. Qd6+ Kg8 37. Qxd4 Re1+ 38. Rd1 Rxd1+ 39. Rxd1 Rxa3
40. Qxc4 bxc4 41. Rd8+ Kh7 42. Rd7 Bc8 43. Rxf7 Re3 44. Rc7 Be6 45. Re7 c3 46.
Nd3 Ba2+ 47. Kxa2 Rxe7 48. Kb3 Re2 49. Nf4 Rf2 50. Kxc3 g5 51. Nd3 Rxg2 52. Kd4
Rxc2 0-1

[Event "FB21 2122 SC Pankow-Bavaria Regensburg"]
[Site "?"]
[Date "2022.03.20"]
[Round "5.6"]
[White "Heyme, Sybille"]
[Black "Prinzen, Siri Marleen"]
[Result "0-1"]
[WhiteElo "2018"]
[BlackElo "1719"]
[PlyCount "120"]
[EventDate "2022.??.??"]

1. e4 c6 2. d4 d5 3. Nc3 dxe4 4. Nxe4 Nf6 5. Nxf6+ exf6 6. Be3 Bd6 7. Bd3 Be6
8. Nf3 Nd7 9. h3 h5 10. Qe2 Qc7 11. a3 O-O-O 12. O-O-O g5 13. Kb1 Nf8 14. Nd2
Ng6 15. Ne4 Be7 16. Ng3 h4 17. Nf5 Bf8 18. g4 hxg3 19. fxg3 Qd7 20. Rdf1 Ne7
21. g4 Nd5 22. Bd2 Re8 23. Qf2 Kb8 24. h4 gxh4 25. Rxh4 Rxh4 26. Qxh4 Be7 27.
Bc1 Qd8 28. b3 Rh8 29. Qg3+ Ka8 30. Bb2 Qf8 31. c4 Nb6 32. Nxe7 Qxe7 33. d5
cxd5 34. Bxf6 Qxa3 35. Bxh8 Qxb3+ 36. Kc1 dxc4 37. Qc7 cxd3 38. Rf2 Qc4+ 39.
Qxc4 Nxc4 40. Bc3 b5 41. g5 Kb7 42. Rf6 Bd5 43. Rf5 Kc6 44. Rf6+ Kb7 45. Rf5
Nb6 46. Kd2 Bc4 47. Ba5 Ka6 48. Bb4 Kb7 49. Ba5 Nd7 50. Ke3 Nb8 51. Rf6 Nc6 52.
Be1 a5 53. Rxc6 Kxc6 54. Bxa5 Kc5 55. Bc3 b4 56. Bb2 Kb5 57. Kd2 Ka4 58. Kc1
Kb3 59. Bd4 Ka2 60. Be5 b3 0-1